| 000 | 00436nam a2200181Ia 4500 | ||
|---|---|---|---|
| 005 | 20250423095132.0 | ||
| 008 | 250422s9999 xx 000 0 und d | ||
| 020 | _a0-07-030609-5 | ||
| 050 | _aLB2805.H715 | ||
| 100 | _aWayne K. Hoy | ||
| 245 | 0 | _aEducational Administration | |
| 260 | _aNew York | ||
| 260 | _bMcgraw Hill Inc | ||
| 260 | _c1991 | ||
| 300 | _a483 p | ||
| 650 | _aSchool Management & Organisation | ||
| 942 | _cBK | ||
| 999 |
_c29350 _d29350 |
||